[Event "Olympiad-44"]
[Site "Chennai"]
[Date "2022.08.06"]
[Round "8.2"]
[White "Diarra, Sirike"]
[Black "Croes, Octavio"]
[Result "0-1"]
[WhiteElo "1641"]
[BlackElo "1794"]
[PlyCount "124"]
[EventDate "2022.07.29"]
[EventType "team-swiss"]
[EventRounds "11"]
[EventCountry "IND"]
[SourceTitle "CBM 210"]
[Source "ChessBase"]
[SourceDate "2022.10.31"]
[SourceVersion "1"]
[SourceVersionDate "2022.10.31"]
[SourceQuality "1"]
[WhiteTeam "Mali"]
[BlackTeam "Aruba"]
[WhiteTeamCountry "MLI"]
[BlackTeamCountry "ARN"]

1. e4 c5 2. f4 Nc6 3. Nf3 g6 4. Bc4 Bg7 5. 0-0 d6 6. c3 Nf6 7. d3 0-0 8. h3 e6 9. Bb3 b5 10. Be3 Qe7 11. Nbd2 Bb7 12. Qe1 b4 13. Qf2 a5 14. e5 Nd7 15. exd6 Qxd6 16. Ne4 Qxd3 17. Nxc5 Nxc5 18. Bxc5 Rfc8 19. Rad1 Qb5 20. c4 Qa6 21. Ne5 Rd8 22. Ba4 Bf8 23. Bb5 Bxc5 24. Qxc5 Qa7 25. Qxa7 Nxa7 26. Rd7 Rxd7 27. Nxd7 Nxb5 28. cxb5 Rc8 29. Rf2 Kg7 30. Kh2 Rc7 31. Rd2 Bd5 32. Nb6 Bxa2 33. Rd6 Rc5 34. Nd7 Rxb5 35. Ne5 Rb7 36. Ra6 Bd5 37. Rxa5 Rc7 38. g4 Rc2+ 39. Kg3 Rxb2 40. Ra7 Ra2 41. Rxf7+ Kg8 42. Rc7 b3 43. Rc8+ Kg7 44. Rc7+ Kg8 45. Rc8+ Kg7 46. Rc7+ Kf8 47. Nd7+ Ke7 48. Ne5+ Kd6 49. Rc1 b2 50. Rb1 Be4 51. Rxb2 Rxb2 52. Nc4+ Kc5 53. Nxb2 Bc2 54. Kf2 Kd4 55. Ke2 Kc3 56. Nd1+ Bxd1+ 57. Kxd1 Kd3 58. Ke1 Ke3 59. f5 exf5 60. gxf5 gxf5 61. Kf1 Kf3 62. h4 Kg4 0-1

[Event "Online Olym Div4 E"]
[Site "Chess.com INT"]
[Date "2020.08.02"]
[Round "8.1"]
[White "Croes, Octavio"]
[Black "Ramtulla, Aaron"]
[Result "1-0"]
[WhiteElo "1801"]
[BlackElo "1191"]
[PlyCount "73"]
[EventDate "2020.07.31"]
[EventType "team-tourn (rapid)"]
[EventRounds "9"]
[EventCountry "USA"]
[SourceTitle "CBM 198"]
[Source "ChessBase"]
[SourceDate "2020.10.31"]
[SourceVersion "1"]
[SourceVersionDate "2020.10.31"]
[SourceQuality "1"]
[WhiteTeam "Aruba"]
[BlackTeam "Bahamas"]
[WhiteTeamCountry "ARN"]
[BlackTeamCountry "BAH"]

1. d4 f5 2. c4 Nf6 3. g3 e6 4. Bg2 Nc6 5. Nf3 h6 6. Nc3 d5 7. Ne5 Nxe5 8. dxe5 Ng4 9. cxd5 Nxe5 10. dxe6 Qxd1+ 11. Nxd1 c6 12. Bd2 Bxe6 13. Bc3 Nd7 14. 0-0 Nb6 15. b3 Nd5 16. Bb2 f4 17. Nc3 fxg3 18. hxg3 Nb4 19. Rad1 Be7 20. Ne4 0-0 21. Nd6 Rab8 22. a3 Na6 23. b4 Nc7 24. Rd3 a6 25. Rfd1 Rfd8 26. e4 Kh7 27. e5 g6 28. Be4 Rg8 29. f4 Ne8 30. f5 Nxd6 31. fxg6+ Kh8 32. exd6+ Rg7 33. dxe7 Re8 34. Rd8 Bg8 35. Rxe8 a5 36. Rxg8+ Kxg8 37. e8Q# 1-0

[Event "Olympiad-43"]
[Site "Batumi"]
[Date "2018.10.02"]
[Round "8.1"]
[White "Croes, Octavio"]
[Black "Bai, Adelard"]
[Result "1/2-1/2"]
[WhiteElo "1805"]
[BlackElo "2111"]
[PlyCount "87"]
[EventDate "2018.09.24"]
[EventType "team-swiss"]
[EventRounds "11"]
[EventCountry "GEO"]
[SourceTitle "CBM 187"]
[Source "ChessBase"]
[SourceDate "2018.12.11"]
[SourceVersion "1"]
[SourceVersionDate "2018.12.11"]
[SourceQuality "1"]
[WhiteTeam "Aruba"]
[BlackTeam "Chinese Taipei"]
[WhiteTeamCountry "ARN"]
[BlackTeamCountry "TPE"]

1. d4 Nf6 2. Nf3 g6 3. g3 Bg7 4. Bg2 0-0 5. 0-0 d6 6. c4 Nbd7 7. Nc3 e5 8. e4 exd4 9. Nxd4 Re8 10. h3 a6 11. Be3 Rb8 12. Qc2 Ne5 13. b3 c5 14. Nde2 b5 15. f4 Ned7 16. Rad1 Rb6 17. e5 dxe5 18. Bxc5 exf4 19. Nxf4 g5 20. Nfd5 Nxd5 21. Bxd5 Rf6 22. Rxf6 Qxf6 23. Ne4 Qg6 24. Rf1 Nxc5 25. Bxf7+ Qxf7 26. Rxf7 Nxe4 27. Rf3 b4 28. Qd3 Nc3 29. Kh2 Bb7 30. Rf2 Bc8 31. Qd6 Be6 32. Qxb4 Be5 33. Rf3 Ne4 34. Qa5 Bb8 35. Re3 Bf7 36. Qf5 Bg6 37. Qd5+ Kh8 38. Kg2 Ba7 39. Re1 Rf8 40. Rxe4 Rf2+ 41. Kh1 Bxe4+ 42. Qxe4 Rf1+ 43. Kg2 Rf2+ 44. Kh1 1/2-1/2

[Event "Olympiad-43"]
[Site "Batumi"]
[Date "2018.09.28"]
[Round "5.77"]
[White "Jacob, Jallah"]
[Black "Croes, Octavio"]
[Result "0-1"]
[WhiteElo "1835"]
[BlackElo "1805"]
[PlyCount "108"]
[EventDate "2018.09.24"]
[EventType "team-swiss"]
[EventRounds "11"]
[EventCountry "GEO"]
[SourceTitle "CBM 187"]
[Source "ChessBase"]
[SourceDate "2018.12.11"]
[SourceVersion "1"]
[SourceVersionDate "2018.12.11"]
[SourceQuality "1"]
[WhiteTeam "Liberia"]
[BlackTeam "Aruba"]
[WhiteTeamCountry "LBR"]
[BlackTeamCountry "ARN"]

1. c4 c5 2. Nc3 Nc6 3. g3 d6 4. Bg2 Bd7 5. d3 g6 6. Nf3 Bg7 7. 0-0 Nf6 8. h3 0-0 9. Re1 a6 10. Be3 Rb8 11. a4 e6 12. Rb1 Qe7 13. Qd2 Rfd8 14. Bh6 d5 15. Bxg7 Kxg7 16. cxd5 exd5 17. e4 dxe4 18. Nxe4 Nxe4 19. dxe4 Kg8 20. Qh6 Qf8 21. Qf4 Nb4 22. Ne5 Bxa4 23. Bf1 Bb3 24. Ng4 Nc6 25. Rbc1 Qe7 26. Nf6+ Kg7 27. Ng4 g5 28. Qf3 Nd4 29. Qc3 Be6 30. Ne3 Qf6 31. Bg2 Rbc8 32. g4 b5 33. Qa3 Bb3 34. Nf5+ Nxf5 35. gxf5 Bc4 36. Rcd1 b4 37. Qg3 h6 38. b3 Bb5 39. Kh2 Rd4 40. Qf3 Qe5+ 41. Kg1 Rcd8 42. Qh5 c4 43. bxc4 Bxc4 44. Rc1 b3 45. Qf3 Rd3 46. Qh5 Rc3 47. f6+ Kh7 48. f4 Qd4+ 49. Kh2 Rxc1 50. Rxc1 b2 51. Rf1 Qxf6 52. e5 Qg6 53. Qxg6+ fxg6 54. Rb1 Rd2 0-1

[Event "Olympiad-43"]
[Site "Batumi"]
[Date "2018.09.26"]
[Round "3.84"]
[White "Croes, Octavio"]
[Black "Kamara, Ansumana"]
[Result "0-1"]
[WhiteElo "1805"]
[BlackElo "1910"]
[PlyCount "76"]
[EventDate "2018.09.24"]
[EventType "team-swiss"]
[EventRounds "11"]
[EventCountry "GEO"]
[SourceTitle "CBM 187"]
[Source "ChessBase"]
[SourceDate "2018.12.11"]
[SourceVersion "1"]
[SourceVersionDate "2018.12.11"]
[SourceQuality "1"]
[WhiteTeam "Aruba"]
[BlackTeam "Sierra Leone"]
[WhiteTeamCountry "ARN"]
[BlackTeamCountry "SIE"]

1. d4 Nf6 2. Nf3 g6 3. c4 Bg7 4. Nc3 d6 5. h3 Nbd7 6. Bf4 c5 7. e3 0-0 8. Be2 cxd4 9. exd4 Nh5 10. Be3 a6 11. 0-0 f5 12. d5 Nc5 13. Bd4 Nf6 14. Nd2 e5 15. dxe6 Bxe6 16. b4 Ncd7 17. Nf3 h6 18. Rc1 Rc8 19. Bxf6 Nxf6 20. Nd4 Bf7 21. Re1 Re8 22. Bf3 Rxc4 23. Rxe8+ Nxe8 24. Nce2 Rxb4 25. Qd2 Qb6 26. Nb3 a5 27. Bd5 Nc7 28. Bxf7+ Kxf7 29. Nf4 Rb5 30. Qe2 Re5 31. Qc4+ Ne6 32. Nxe6 Rxe6 33. Re1 Be5 34. Qd5 Qc6 35. Qxa5 Bc3 36. Rc1 Bxa5 37. Rxc6 bxc6 38. Nxa5 d5 0-1

[Event "Olympiad-43"]
[Site "Batumi"]
[Date "2018.09.25"]
[Round "2.2"]
[White "Croes, Octavio"]
[Black "Tomb, Maroun"]
[Result "0-1"]
[WhiteElo "1805"]
[BlackElo "2177"]
[PlyCount "58"]
[EventDate "2018.09.24"]
[EventType "team-swiss"]
[EventRounds "11"]
[EventCountry "GEO"]
[SourceTitle "CBM 187"]
[Source "ChessBase"]
[SourceDate "2018.12.11"]
[SourceVersion "1"]
[SourceVersionDate "2018.12.11"]
[SourceQuality "1"]
[WhiteTeam "Aruba"]
[BlackTeam "Lebanon"]
[WhiteTeamCountry "ARN"]
[BlackTeamCountry "LBN"]

1. d4 d6 2. c4 Nf6 3. Nf3 Nbd7 4. Bf4 Nh5 5. Bg5 h6 6. Bh4 g5 7. Bg3 Bg7 8. e3 c5 9. Nc3 b6 10. Be2 Nxg3 11. hxg3 Nf6 12. Qc2 Bb7 13. d5 a6 14. 0-0-0 Bc8 15. e4 Ng4 16. Bd3 Bd7 17. a4 Qc7 18. Rde1 b5 19. cxb5 c4 20. Nd1 axb5 21. axb5 Ra1+ 22. Kd2 Qa5+ 23. Nc3 Rxe1 24. Kxe1 cxd3 25. Qxd3 Qa1+ 26. Nd1 Bxb2 27. Ke2 Bf6 28. b6 Qa5 29. b7 0-0 0-1

[Event "Olympiad-43"]
[Site "Batumi"]
[Date "2018.09.24"]
[Round "1.70"]
[White "Croes, Octavio"]
[Black "Setyaki, Azarya Jodi"]
[Result "0-1"]
[WhiteElo "1805"]
[BlackElo "2316"]
[PlyCount "74"]
[EventDate "2018.09.24"]
[EventType "team-swiss"]
[EventRounds "11"]
[EventCountry "GEO"]
[SourceTitle "CBM 187"]
[Source "ChessBase"]
[SourceDate "2018.12.11"]
[SourceVersion "1"]
[SourceVersionDate "2018.12.11"]
[SourceQuality "1"]
[WhiteTeam "Aruba"]
[BlackTeam "Indonesia"]
[WhiteTeamCountry "ARN"]
[BlackTeamCountry "INA"]

1. d4 Nf6 2. Nf3 g6 3. c4 Bg7 4. Nc3 d6 5. Bf4 0-0 6. e3 Nbd7 7. Be2 b6 8. h3 Bb7 9. 0-0 Re8 10. Rc1 e5 11. dxe5 dxe5 12. Bh2 Ne4 13. Nxe4 Bxe4 14. b4 c5 15. a3 Qe7 16. Qb3 a5 17. Nd2 Bc6 18. b5 Bb7 19. Bf3 e4 20. Be2 Be5 21. Qc2 Bxh2+ 22. Kxh2 Rad8 23. Rcd1 Qe5+ 24. Kg1 Qg5 25. Kh2 h5 26. Rg1 Ne5 27. Nb1 Qh4 28. Rxd8 Rxd8 29. Rd1 Re8 30. Bf1 Bc8 31. Rd6 Bxh3 32. gxh3 Nf3+ 33. Kh1 Qg5 34. Bg2 Ne1 35. Qxe4 Rxe4 36. Bxe4 Qe7 37. Bxg6 Qxd6 0-1

[Event "World Amateur-ch U2000"]
[Site "Cagliari"]
[Date "2018.04.24"]
[Round "4"]
[White "Kostov, Deyan Samuil"]
[Black "Croes, Octavio"]
[Result "1-0"]
[WhiteElo "1916"]
[BlackElo "1814"]
[PlyCount "111"]
[EventDate "2018.04.22"]
[EventType "swiss"]
[EventRounds "9"]
[EventCountry "ITA"]
[SourceTitle "CBM 184 Extra"]
[Source "ChessBase"]
[SourceDate "2018.06.28"]
[SourceVersion "1"]
[SourceVersionDate "2018.06.28"]
[SourceQuality "1"]

1. d4 d5 2. Bf4 e6 3. e3 Nf6 4. c4 Bb4+ 5. Nc3 0-0 6. Bd3 dxc4 7. Bxc4 c5 8. Nge2 Nc6 9. a3 cxd4 10. axb4 dxc3 11. bxc3 Qb6 12. 0-0 Rd8 13. Qc2 Ne7 14. e4 Ng6 15. Bg3 Qc6 16. Bd3 e5 17. Rfd1 Be6 18. f3 a6 19. c4 Rac8 20. c5 Ne8 21. Bf2 Nc7 22. Nc3 Nf4 23. Bf1 Ng6 24. Na4 Qe8 25. Nb6 Rxd1 26. Rxd1 Rd8 27. Rd6 Rxd6 28. cxd6 Nb5 29. Qc5 Bd7 30. Bc4 Nf8 31. Bg3 Be6 32. Bxb5 Qxb5 33. Qxb5 axb5 34. Bxe5 Nd7 35. Bd4 Nxb6 36. Bxb6 Kf8 37. Kf2 Ke8 38. Ke3 Kd7 39. Bc7 h5 40. Kd4 g6 41. f4 Kc6 42. Ke5 Kd7 43. Kf6 b6 44. Kg5 Bg4 45. h3 Bd1 46. g4 hxg4 47. hxg4 Bc2 48. e5 Ke6 49. Bxb6 Kd7 50. Kf6 Bb3 51. f5 gxf5 52. gxf5 Bc4 53. Kg5 Bd3 54. Bc5 Bc2 55. e6+ fxe6 56. f6 1-0

[Event "World Amateur-ch U2000"]
[Site "Cagliari"]
[Date "2018.04.23"]
[Round "3"]
[White "Croes, Octavio"]
[Black "Mkhumba, Hope"]
[Result "1-0"]
[WhiteElo "1814"]
[BlackElo "1676"]
[PlyCount "98"]
[EventDate "2018.04.22"]
[EventType "swiss"]
[EventRounds "9"]
[EventCountry "ITA"]
[SourceTitle "CBM 184 Extra"]
[Source "ChessBase"]
[SourceDate "2018.06.28"]
[SourceVersion "1"]
[SourceVersionDate "2018.06.28"]
[SourceQuality "1"]

1. d4 Nf6 2. Nf3 g6 3. c4 Bg7 4. Nc3 0-0 5. Bf4 d5 6. e3 c5 7. dxc5 Qa5 8. Be2 Ne4 9. 0-0 Nxc3 10. bxc3 dxc4 11. Bxc4 Qxc5 12. Qd5 Qxd5 13. Bxd5 Bxc3 14. Rac1 Bf6 15. Ne5 Na6 16. a3 e6 17. Bf3 Be7 18. Nc4 Nc5 19. Rfd1 e5 20. Bxe5 Be6 21. Nd6 Nb3 22. Rc7 Bxd6 23. Bxd6 Rfd8 24. Rxb7 Rac8 25. Rc7 Rxc7 26. Bxc7 Rxd1+ 27. Bxd1 Kf8 28. Bb8 a6 29. Be2 a5 30. Bd6+ Ke8 31. Bb5+ Bd7 32. Bc4 Be6 33. Bxe6 fxe6 34. Kf1 Kd7 35. Bf8 Kc6 36. Ke2 Kb5 37. Kd3 a4 38. f3 Na5 39. Kd4 Nc6+ 40. Ke4 Kc4 41. f4 Kb3 42. g4 Na5 43. Ke5 Nc4+ 44. Kxe6 Nxe3 45. h3 h5 46. gxh5 gxh5 47. f5 Ng2 48. Bd6 Ne1 49. f6 Nf3 1-0

[Event "ARU-ch"]
[Site "Oranjestad"]
[Date "2018.04.14"]
[Round "7"]
[White "Jacopucci, Enrique"]
[Black "Croes, Octavio"]
[Result "0-1"]
[WhiteElo "1609"]
[BlackElo "1814"]
[PlyCount "59"]
[EventDate "2018.04.06"]
[EventType "tourn"]
[EventRounds "9"]
[EventCountry "ARN"]
[SourceTitle "EXT 2024"]
[Source "ChessBase"]
[SourceDate "2023.10.10"]
[SourceVersion "1"]
[SourceVersionDate "2023.10.10"]
[SourceQuality "1"]

1. d4 Nf6 2. Nc3 d5 3. Bf4 c6 4. e3 Bf5 5. Bd3 e6 6. Bxf5 exf5 7. Nf3 g6 8. 0-0 Bg7 9. Re1 0-0 10. a3 Ne4 11. Nxe4 fxe4 12. Nd2 f5 13. c4 g5 14. Bxb8 Rxb8 15. c5 f4 16. h3 Qf6 17. Rf1 Qg6 18. b4 h5 19. a4 g4 20. h4 g3 21. fxg3 Qxg3 22. Qe1 Qxe3+ 23. Qxe3 fxe3 24. Rxf8+ Rxf8 25. Nb3 Rf2 26. Re1 Bh6 27. b5 Ra2 28. bxc6 bxc6 29. Na5 Rxa4 30. Nxc6 0-1

[Event "Aruba op"]
[Site "Aruba"]
[Date "2017.10.07"]
[Round "5"]
[White "Croes, Octavio"]
[Black "Izijk, Jimmy"]
[Result "0-1"]
[WhiteElo "1886"]
[BlackElo "2027"]
[PlyCount "76"]
[EventDate "2017.10.05"]
[EventType "swiss"]
[EventRounds "7"]
[EventCountry "ARN"]
[SourceTitle "CBM 181 Extra"]
[Source "ChessBase"]
[SourceDate "2017.12.12"]
[SourceVersion "1"]
[SourceVersionDate "2017.12.12"]
[SourceQuality "1"]

1. d4 d5 2. c4 c6 3. Nc3 e6 4. e4 dxe4 5. Nxe4 Nf6 6. Nxf6+ Qxf6 7. Nf3 Nd7 8. Bg5 Bb4+ 9. Bd2 Bxd2+ 10. Qxd2 0-0 11. Bd3 e5 12. 0-0 exd4 13. Nxd4 Ne5 14. Rfe1 Nxd3 15. Qxd3 c5 16. Nb5 Bf5 17. Qf3 b6 18. Nc3 Rae8 19. g4 Be6 20. Qxf6 gxf6 21. Re4 Rd8 22. Rae1 Rd2 23. R1e2 Rfd8 24. Kf1 R2d4 25. Nd5 Bxd5 26. Rxd4 cxd4 27. cxd5 Rxd5 28. Re8+ Kg7 29. Ke2 Re5+ 30. Rxe5 fxe5 31. Kd3 Kg6 32. h4 f5 33. f3 Kf6 34. Kc4 Ke6 35. a4 fxg4 36. fxg4 Kd6 37. b4 Ke6 38. b5 Kd6 0-1

[Event "American Continental 13th"]
[Site "Medellin"]
[Date "2017.06.11"]
[Round "2"]
[White "Croes, Octavio"]
[Black "Arango, Andres Mauricio"]
[Result "0-1"]
[WhiteElo "1888"]
[BlackElo "2103"]
[PlyCount "58"]
[EventDate "2017.06.10"]
[EventType "swiss"]
[EventRounds "11"]
[EventCountry "COL"]
[SourceTitle "CBM 178 Extra"]
[Source "ChessBase"]
[SourceDate "2017.06.22"]
[SourceVersion "1"]
[SourceVersionDate "2017.06.22"]
[SourceQuality "1"]

1. d4 d5 2. c4 c6 3. cxd5 cxd5 4. Nc3 Nf6 5. f3 Bf5 6. g4 Bg6 7. Qb3 Nc6 8. g5 Nd7 9. e4 Nxd4 10. Qa4 e5 11. Nxd5 a6 12. Be3 b5 13. Qd1 Bc5 14. b4 Ba7 15. Rc1 Rc8 16. Kf2 Rxc1 17. Qxc1 0-0 18. Bh3 f5 19. exf5 Bxf5 20. Bxf5 Rxf5 21. Qb1 e4 22. Qxe4 Re5 23. Nf6+ gxf6 24. Qb7 Bb6 25. gxf6 Nxf6 26. Nh3 Ng4+ 27. fxg4 Qh4+ 28. Kg1 Ne2+ 29. Kf1 Qxh3+ 0-1

[Event "American Continental 13th"]
[Site "Medellin"]
[Date "2017.06.10"]
[Round "1"]
[White "Guerrero Sierra, Juan Carlos"]
[Black "Croes, Octavio"]
[Result "1-0"]
[WhiteElo "2303"]
[BlackElo "1888"]
[PlyCount "35"]
[EventDate "2017.06.10"]
[EventType "swiss"]
[EventRounds "11"]
[EventCountry "COL"]
[SourceTitle "CBM 178 Extra"]
[Source "ChessBase"]
[SourceDate "2017.06.22"]
[SourceVersion "1"]
[SourceVersionDate "2017.06.22"]
[SourceQuality "1"]

1. e4 c5 2. Nf3 d6 3. c3 Nf6 4. Bd3 Nc6 5. Bc2 g6 6. 0-0 Bg7 7. Re1 0-0 8. h3 a6 9. d4 cxd4 10. cxd4 b5 11. Nc3 e6 12. Bg5 Qc7 13. Rc1 Qd7 14. e5 dxe5 15. dxe5 Qxd1 16. Rexd1 Nd7 17. Be4 Bb7 18. Rxd7 1-0

[Event "Pan American-ch U2000"]
[Site "Carilo Village"]
[Date "2016.10.26"]
[Round "2"]
[White "Croes, Octavio"]
[Black "Lugo, Sergio"]
[Result "0-1"]
[WhiteElo "1850"]
[BlackElo "1960"]
[PlyCount "74"]
[EventDate "2016.10.25"]
[EventType "swiss"]
[EventRounds "9"]
[EventCountry "ARG"]
[SourceTitle "EXT 2022"]
[Source "ChessBase"]
[SourceDate "2021.10.06"]
[SourceVersion "1"]
[SourceVersionDate "2021.10.06"]
[SourceQuality "1"]

1. d4 Nf6 2. c4 e6 3. Nf3 c5 4. Nc3 cxd4 5. Nxd4 Nc6 6. g3 Bb4 7. Bg2 0-0 8. 0-0 a6 9. e4 Bxc3 10. bxc3 Ne5 11. Bf4 Nxc4 12. e5 Ne8 13. Qe2 Qc7 14. Be4 g6 15. Nf3 Rb8 16. h4 h5 17. Qc2 Kg7 18. Rfe1 b5 19. a4 Bb7 20. axb5 axb5 21. Nd4 Bxe4 22. Qxe4 b4 23. cxb4 Rxb4 24. Rac1 Qb6 25. Nf3 Nd2 26. Qe2 Nxf3+ 27. Qxf3 f6 28. exf6+ Nxf6 29. Rc2 Rf7 30. Be5 Qb5 31. Qc3 Rb3 32. Qd4 Rd3 33. Qa1 Qd5 34. Qa7 Rd2 35. Rc5 Qf3 36. Rc7 Kh7 37. Rc8 Rd1 0-1